| 000 | 00996nam a2200253Ia 4500 | ||
|---|---|---|---|
| 003 | OSt | ||
| 005 | 20220923211301.0 | ||
| 006 | a|||||r|||| 00| 0 | ||
| 007 | ta | ||
| 008 | 220922b |||||||| |||| 00| 0 hin d | ||
| 020 |
_a9788179171301 (hbk) _c325 |
||
| 024 | _a245,615 | ||
| 037 |
_b372, 11/02/2011, Swaraj Prakashan _cTextual |
||
| 040 |
_aARTS _cARTS _bhin |
||
| 041 |
_2hin _ahin |
||
| 082 | _a4,42, 152Q0 | ||
| 100 |
_aविलियम्स, रेमंड; राय, दीपू _9160155 |
||
| 245 | 0 |
_aटेलीविजन _b प्रौद्योगिकी और सांस्कृतिक रूप |
|
| 246 | _aṬelīvijana: praudyogikī aur sāanskṛutik rūpa | ||
| 260 |
_aदिल्ली _b ग्रंथ शिल्पी _c2010 |
||
| 300 |
_a162पृ. _ccm. |
||
| 942 |
_h4,42, 152Q0 _cTEXL _2CC |
||
| 999 |
_c298120 _d298120 |
||